00674nam a2200193Ia 4500952014200000999001700142003000400159005001700163008004100180020001500221040000900236082001700245100002700262245007300289260004300362300000900405650002600414942004000440 00102ddc40708FICaMESbMEScENGd2019-02-20g55.00l2m1o823.8 KIP/Cp22051r2023-07-03 11:35:21s2023-06-15w2019-02-20yBKzGR21R2 c13975d13975OSt20201027125208.0190216s9999||||xx |||||||||||||| ||und|| a1853262471 coclc a823.8bKIP/C aKipling, Rudyard95304 0aCaptains Courageous :bA Story Of The Grand Banks /cRudyard Kipling bWordsworth Editions Ltd,c1995.aU.K: a129p aEnglish Short Stories cBK2ddch823.8iKIP/Ck823.8mKIP/C